Stolice świata z polskimi znakami - Statystyki

Ogólne statystyki
  • Ten quiz został rozwiązany 76 razy
  • Średni wynik to 11 z 16
Statystyki odpowiedzi
Kontynent Stolica % Poprawnych
Europa Mińsk
94%
Europa Kijów
93%
Europa Bratysława
90%
Europa Kiszyniów
90%
Europa Paryż
87%
Azja Erywań
78%
Afryka Dżibuti
72%
Afryka Abudża
70%
Afryka Bandżul
67%
Afryka Dżuba
64%
Azja Ułan Bator
64%
Europa Wiedeń
63%
Ameryka południowa Asunción
57%
Azja Dżakarta
55%
Afryka Ndżamena
52%
Azja Sri Dźajawardanapura Kotte
43%
Nie znaleziono quizów pasujących do podanych kryteriów
Rozkład punktacji
Procent ludzi z każdym wynikiem
Percentyl według liczby udzielonych odpowiedzi
Twoja historia wyników
Nie rozwiązałeś tego quizu